Personálny audit
Vymedzenie pojmu personálny audit a typy personálnych auditov. Zameranie personálneho auditu. Problémy pri vykonávaní personálneho auditu v podnikovej praxi. Priebeh auditu ľudských zdrojov. Audit riadenia ľudských zdrojov. Priebeh auditu riadenia ľudských zdrojov.
Salvato in:
| Autore principale: | |
|---|---|
| Natura: | Capitolo di libro |
| Lingua: | slovacco |
| Soggetti: | |
| Tags: |
Nessun Tag, puoi essere il primo ad aggiungerne!!
|
MARC
| LEADER | 00000naa$a2200000$$$4500 | ||
|---|---|---|---|
| 001 | 0110410 | ||
| 005 | 20240502072222.5 | ||
| 041 | 0 | |a slo | |
| 044 | |a SK | ||
| 245 | 1 | 0 | |a Personálny audit |c Cecília Olexová |
| 520 | |a Vymedzenie pojmu personálny audit a typy personálnych auditov. Zameranie personálneho auditu. Problémy pri vykonávaní personálneho auditu v podnikovej praxi. Priebeh auditu ľudských zdrojov. Audit riadenia ľudských zdrojov. Priebeh auditu riadenia ľudských zdrojov. | ||
| 610 | 2 | 0 | |a audit |
| 610 | 2 | 0 | |a zamestnanci |
| 610 | 2 | 0 | |a personalistika |
| 610 | 2 | 0 | |a zdroje ľudské |
| 610 | 2 | 0 | |a riadenie ľudských zdrojov |
| 100 | 1 | |a Olexová, Cecília, 1976- | |